Making the invisible visible : how companies win with the right information, people and IT

Bibliographic Details
Main Author: Marchand,, Donald A
Format: Book
Published: Chichester, New York : Wiley , 2001
Subjects:

MARC

LEADER 00000cam a2200000 7i4500
001 0000012002
005 20050505.0
020 |a 047149609x 
040 |a INS 
090 0 0 |a HD30.2.M3   |b T3 2001 
100 1 |a Marchand,, Donald A 
245 1 0 |a Making the invisible visible :   |b how companies win with the right information, people and IT   |c Donald A Marchand 
260 |a Chichester, New York :   |b Wiley ,   |c 2001 
300 |a xvi :   |b 300p ;   |c 24cm. 
650 0 0 |a Information resources management 
650 0 0 |a Information technology, management 
650 0 0 |a Success in business 
999 |a 0000012217   |b BOOK   |c Open Shelf   |e Default branch